000 04691cam a2200313 4500500
005 20251228045633.0
041 _afre
042 _adc
100 1 0 _aAdjiri, Oi Adjiri
_eauthor
700 1 0 _aAny-Grah, Sandrine Aka
_eauthor
700 1 0 _aKouamé, Kouamé Victor
_eauthor
700 1 0 _aKouassi, Elisée Kporou
_eauthor
700 1 0 _aBiémi, Jean
_eauthor
245 0 0 _aRisques toxicologiques de la cohabitation avec une décharge : cas d’Akouédo en Côte d’Ivoire
260 _c2019.
500 _a89
520 _aIntroduction : L’objectif de cette étude était d’évaluer les risques sanitaires liés à l’exposition aux métaux (Pb, Cd, Hg et Cr) chez les populations vivant aux alentours de la décharge d’Akouédo. Méthode : Cette évaluation a nécessité l’exploitation des données toxicologiques de référence les plus récentes relatives à l’exposition humaine à ces polluants et les résultats de mesures faites dans l’environnement. Le croisement de ces deux sources de données par simulation CalTOX a permis de calculer des doses journalières d’exposition, via la consommation de poussières de sol, d’eaux contaminées et de denrées alimentaires. Résultats et discussion : Les doses d’exposition au plomb (1,05-1,34 ppm) et au mercure (1,46 ∙ 10–2-2,16 ∙ 10–2 ppm) apparaissent les plus élevées. Les quotients de danger sont également élevés et sont respectivement, en moyenne, 220 et 54 fois les Valeurs Toxicologiques de Référence (VTR). En outre, l’exposition au plomb pour les nourrissons présente un quotient de danger 15 fois supérieur aux VTR. Le calcul de l’impact sanitaire dû au chrome donne 9 cas de cancers qui seraient déclarés par an. La comparaison des valeurs théoriques avec celles estimées par calcul donne des ratios de danger théoriques surévalués pour les quatre polluants (Cd, Pb, Hg, Cr). Cette surévaluation pourrait être liée aux incertitudes dans les mesures et dans les calculs. Nos résultats montrent que les populations vivant aux alentours de la décharge d’Akouédo sont clairement exposées aux intoxications des polluants indiqués. Conclusion : Cette décharge constitue donc un problème de santé publique majeur. En conséquence, des moyens de prévention tels que la fermeture et la réhabilitation du site doivent être pris urgemment. Aussi, la construction dans la zone, d’un centre hospitalier spécifique au traitement des pathologies découlant de l’intoxication aux polluants indiqués serait souhaitable.
520 _aIntroduction: The objective of this study is to evaluate the health risks associated with metal exposure (Pb, Cd, Hg and Cr) in the populations living around the Akouédo landfill. Method: This evaluation required the use of the most recent reference toxicological data relating to human exposure to these pollutants and the results of measurements in the environment. Crossing these two data sources using the CalTOX simulation allowed for the calculation of daily exposure, through the consumption of soil dust, contaminated water and foodstuffs. Results and discussion: Exposure levels to lead (1.05-1.34 ppm) and mercury (1.46 ∙ 10–2-2.16 ∙ 10–2 ppm) appear highest. The danger quotients are also high and are on average 220 and 54 Toxicological Reference Values (TRVs). In addition, lead exposure for infants presents a danger quotient 15 times TRVs. The calculation of the health impact due to chromium gives 9 cases of cancer that would be reported per year. The comparison of the theoretical values with those estimated by calculation gives overvalued theoretical danger ratios for the four pollutants (Cd, Pb, Hg, Cr). An overvaluation that would be related to uncertainties in measurements and calculations. However, it is clear that people living around the landfill are exposed to the poisoning of the pollutants indicated. This zone is therefore a major public health problem. Conclusion: Consequently, prevention means such as closure and rehabilitation of the site must be taken urgently. Also, the construction in the area, of a hospital center specific to the treatment of the pathologies resulting from the intoxication with the indicated pollutants would be desirable.
690 _acancer
690 _adécharge sauvage
690 _aimpact sanitaire
690 _amétal lourd
690 _acancer
690 _ahealth impact
690 _aheavy metal
690 _alandfill
786 0 _nSanté Publique | 31 | 4 | 2019-12-06 | p. 567-579 | 0995-3914
856 4 1 _uhttps://stm.cairn.info/revue-sante-publique-2019-4-page-567?lang=fr&redirect-ssocas=7080
999 _c1579025
_d1579025